| 000 | 01412cam a2200313 a 4500 | ||
|---|---|---|---|
| 999 |
_c16852 _d16852 |
||
| 001 | 13387269 | ||
| 003 | EG-ScBUE | ||
| 005 | 20200112121916.0 | ||
| 008 | 031029s2004 ncub f b 001 0deng d | ||
| 020 | _a0786417374 (softcover : alk. paper) | ||
| 020 | _a9780786417377 | ||
| 040 |
_aDLC _beng _erda _cDLC _dDLC _dEG-ScBUE |
||
| 082 | 0 | 4 |
_a808.8358 _bTHO _222 |
| 100 | 1 |
_aThompson, Diane P, _d1940- _eauthor. _930518 |
|
| 245 | 1 | 4 |
_aThe Trojan War : _bliterature and legends from the bronze age to the present / _cDiane P. Thompson. |
| 264 | 1 |
_aJefferson, North Carolina ; _aLondon : _bMcFarland and Company, Inc., _c2004. |
|
| 300 |
_avi, 241 pages : _bmaps ; _c23 cm |
||
| 336 |
_2rdacontent _atext _btxt |
||
| 337 |
_2rdamedia _aunmediated _bn |
||
| 338 |
_2rdacarrier _avolume _bnc |
||
| 504 | _aIncludes bibliographical references and index. | ||
| 520 | _a"This survey of works about the Trojan War, Greek mythology and the tradition of Troy stories provides a background that helps readers appreciate the ancient and continually recreated tales." | ||
| 590 | _amahmoud sami | ||
| 650 | 7 |
_aTrojan War _xLiterature and the war. _2BUEsh _930519 |
|
| 653 |
_cJuly2012 _bHHUUEENN |
||
| 655 | _vReading book | ||
| 942 |
_2ddc _cBB |
||